Rozpoznaj państwa po trójstyku na mapie #5 - Statystyki

Ogólne statystyki
  • Ten quiz został rozwiązany 194 razy
  • Średni wynik to 21 z 27
Statystyki odpowiedzi
Obrazkowy Odpowiedź % Poprawnych
Francja
98%
Andora
96%
Hiszpania
96%
Niemcy
94%
Austria
93%
Czechy
93%
Laos
88%
Tajlandia
88%
Mjanma
87%
Arabia Saudyjska
84%
Irak
83%
Kuwejt
83%
Brazylia
80%
Tadżykistan
80%
Uzbekistan
80%
Argentyna
79%
Kirgistan
79%
Paragwaj
79%
Demokratyczna Republika Konga
78%
Kamerun
76%
Kongo
74%
Czad
69%
Republika Środkowoafrykańska
66%
Angola
65%
Serbia
43%
Chorwacja
41%
Bośnia i Hercegowina
40%
Nie znaleziono quizów pasujących do podanych kryteriów
Rozkład punktacji
Procent ludzi z każdym wynikiem
Percentyl według liczby udzielonych odpowiedzi
Twoja historia wyników
Nie rozwiązałeś tego quizu